000 01912nam a2200313 i 4500
001 000039473
003 DO-SdBNP
005 20250620174843.0
007 ta
008 130702s19381945dr r 000 0 spa d
040 _aDO-SdBNP
_bspa
_cBNPHU
_erda
082 _a345.729305
_bG643d
_222
100 1 _aGonzález Rodríguez, Manuel Ángel
_eautor
_935972
245 1 0 _aDos procesos de nuestros anales criminales /
_cManuel Ángel González Rodríguez.
264 _aCiudad Trujillo, República Dominicana :
_bLa Opinión,
_c1938-1945.
300 _a3 volumen. :
_bilustraciones, retratos. ;
_c24 cm.
336 _ardacontent
_btexto
_2txt
337 _ardamedia
_bsin mediaciones
_2n
338 _ardacarrier
_bvolumen
_2nc
500 _aLos ejemplares 2 de los volúmenes 1 y 2 están encuadernados juntos.
500 _aEl proceso a cargo de 44 inculpados de Santiago
500 _aEditora : v.1. La Opinión; v. 2. Imp. Listín Diario; v.3. Editora Montalvo
505 1 _gv.1
_tInformes preliminares, datos juridicos, y copias literales de los interrogatorios hecho a los inculpados--
_gv.2
_aEl veredicto de calificación, la sentencia del tribunal criminal y el decreto de indulto a los penados, por excepcional magnanimidad del jefe del Estado --
_gv.3
_tApuntaciones jurídicas sobre el mandamiento de prisión provisional y el Decreto de indulto, los interrogatorios hechos a los acusados; los retratos de éstos y el de los lugares en donde pensaron cometer el crimen; las declaraciones de algunos testigos; la providencia calificativa ; la sentencia condenatoria y una certificación del secretario de la Cámara penal del distrito judicial de Santo Domingo.
590 _aInventariado, 2018/VM
650 4 _aProcesos (derecho)
_zRepública Dominicana
_965662
650 4 _aAdministración de justicia
_zRepública Dominicana
_910274
910 _aValidado. Control de calidad MFF
942 _2ddc
_cLBS1
999 _c38963
_d38963